Sports Quiz

Random Sports or Capital Quiz

FBS Capitals Quiz Stats

 Plays Quiz not verified by Sporcle

Score 0/34 Timer 05:00
0 Plays Today
bcs capital/school % Correct
School NameTexas
90.4%
State CapitalAtlanta, Georgia
86.1%
State CapitalAustin, Texas
86%
School NameFlorida State
85.4%
School NameOhio State
84.6%
School NameGeorgia State
84.3%
State CapitalColumbus, Ohio
81.3%
School NameGeorgia Tech
80.8%
State CapitalBoise, Idaho
80.6%
State CapitalTallahassee, Florida
80.5%
State CapitalAtlanta, Georgia
78.8%
School NameBoise State
75.9%
School NameWisconsin
75%
State CapitalSaint Paul, Minnesota (also in Minneapolis)
75%
School NameMinnesota
75%
School NameSouth Carolina
72.5%
School NameHawaii
72.2%
bcs capital/school % Correct
School NameNavy
72.2%
State CapitalAnnapolis, Maryland
70.4%
State CapitalMadison, Wisconsin
70.3%
School NameNebraska
69.2%
State CapitalHonolulu, Hawaii
68.5%
School NameVanderbilt
68.1%
State CapitalNashville, Tennessee
68.1%
School NameNorth Carolina State
67.9%
State CapitalColumbia, South Carolina
67.3%
State CapitalBoston, Massachusetts (also in Chestnut Hill)
66.7%
School NameBoston College
66.7%
State CapitalLincoln, Nebraska
66.2%
State CapitalRaleigh, North Carolina
64.3%
School NameLSU
45.9%
State CapitalBaton Rouge, Louisiana
43.1%
School NameUtah
27.2%
State CapitalSalt Lake City, Utah
26.6%

You're not logged in!

Compare scores with friends on all Sporcle quizzes.
OR
Log In

Show Comments

Extras

Top Quizzes Today


Score Distribution

Your Account Isn't Verified!

In order to create a playlist on Sporcle, you need to verify the email address you used during registration. Go to your Sporcle Settings to finish the process.

Report this User

Report this user for behavior that violates our Community Guidelines.

Details: